[Event "VIE-ch (Women)"]
[Site "Ha Tien"]
[Date "2023.09.16"]
[Round "7"]
[White "Le, Thai Hoang Anh"]
[Black "Ha, Phuong Hoang Mai"]
[Result "1-0"]
[WhiteElo "1343"]
[BlackElo "1884"]
[PlyCount "83"]
[EventDate "2023.09.13"]
[EventType "swiss"]
[EventRounds "9"]
[EventCountry "VIE"]
[SourceTitle "EXT 2024"]
[Source "ChessBase"]
[SourceDate "2023.10.10"]
[SourceVersion "1"]
[SourceVersionDate "2023.10.10"]
[SourceQuality "1"]

1. e4 c5 2. Nf3 Nc6 3. d4 cxd4 4. Nxd4 Nf6 5. Nc3 e5 6. Nb3 Bb4 7. Bd3 d5 8. exd5 Nxd5 9. Bd2 Nxc3 10. bxc3 Be7 11. 0-0 0-0 12. f4 exf4 13. Bxf4 Bf6 14. Qf3 Re8 15. Rad1 Qb6+ 16. Kh1 Re7 17. Bd6 Re3 18. Qh5 Rxd3 19. Rxd3 g6 20. Qe2 Bf5 21. Re3 Qd8 22. Rd1 Qc8 23. Re1 Kg7 24. Nc5 Bg5 25. Re8 Qxe8 26. Qxe8 Rxe8 27. Rxe8 Bxc2 28. Nxb7 h5 29. Rc8 Ne7 30. Bxe7 Bxe7 31. Rc7 Bf6 32. c4 g5 33. c5 h4 34. h3 Be4 35. Nd6 Bd5 36. Nf5+ Kh7 37. Rxa7 Be6 38. Nd6 Bd4 39. Nxf7 Bxc5 40. Nxg5+ Kg6 41. Ra6 Kxg5 42. Rxe6 1-0

[Event "VIE-chT (Women)"]
[Site "Hanoi"]
[Date "2023.04.20"]
[Round "5"]
[White "Tran, Thi Diem Quynh"]
[Black "Ha, Phuong Hoang Mai"]
[Result "0-1"]
[WhiteElo "1555"]
[BlackElo "1884"]
[PlyCount "106"]
[EventDate "2023.04.18"]
[EventType "swiss"]
[EventRounds "9"]
[EventCountry "VIE"]
[SourceTitle "EXT 2024"]
[Source "ChessBase"]
[SourceDate "2023.10.10"]
[SourceVersion "1"]
[SourceVersionDate "2023.10.10"]
[SourceQuality "1"]

1. e4 e6 2. d4 d5 3. Nd2 Nf6 4. e5 Nfd7 5. Ngf3 c5 6. c3 Nc6 7. Bb5 Be7 8. 0-0 Qb6 9. Bxc6 bxc6 10. dxc5 Nxc5 11. Nb3 Ba6 12. Be3 Bxf1 13. Qxf1 a5 14. h3 a4 15. Nbd4 Qa6 16. Qd1 0-0 17. Ne1 Nd7 18. Bf4 c5 19. Ndc2 f6 20. exf6 Bxf6 21. Bg3 Qc6 22. Nd3 e5 23. Ne3 Rad8 24. Qh5 g6 25. Qg4 Bg7 26. c4 d4 27. Nd5 Rde8 28. Qh4 e4 29. N3f4 Rf7 30. Re1 Nf6 31. Qg5 Qb7 32. Nd3 Nxd5 33. cxd5 Rf5 34. Qg4 Qxd5 35. h4 Rff8 36. Nf4 Qf5 37. Qd1 Be5 38. Nh3 e3 39. f4 Bg7 40. Qxa4 d3 41. Qd1 d2 42. Re2 Bxb2 43. Ng5 c4 44. Kh2 Bf6 45. Qa4 Qd3 46. Qd1 Bxg5 47. fxg5 c3 48. Qb3+ Rf7 49. Qa4 Rd8 50. Qa5 d1Q 51. Re1 Qxe1 52. Bxe1 c2 53. Qc5 Qd6+ 0-1

[Event "VIE-ch (Women)"]
[Site "Vung Tau"]
[Date "2023.03.04"]
[Round "3"]
[White "Le, Kieu Thien Kim"]
[Black "Ha, Phuong Hoang Mai"]
[Result "0-1"]
[WhiteElo "2152"]
[BlackElo "1819"]
[PlyCount "116"]
[EventDate "2023.03.03"]
[EventType "swiss"]
[EventRounds "9"]
[EventCountry "VIE"]
[SourceTitle "EXT 2024"]
[Source "ChessBase"]
[SourceDate "2023.10.10"]
[SourceVersion "1"]
[SourceVersionDate "2023.10.10"]
[SourceQuality "1"]

1. d4 d5 2. Nf3 Nf6 3. e3 c6 4. Bd3 Bg4 5. c4 e6 6. Nbd2 Nbd7 7. h3 Bh5 8. Qb3 Qb6 9. 0-0 Be7 10. Qc2 Bg6 11. cxd5 exd5 12. Bxg6 hxg6 13. Ne5 0-0 14. Ndf3 Rad8 15. b3 Bd6 16. Bb2 Rfe8 17. Rae1 Qc7 18. a3 Ne4 19. b4 a6 20. Qb3 Bxe5 21. dxe5 Nb6 22. Re2 Nc4 23. Bd4 Qd7 24. Rc1 Qf5 25. a4 g5 26. Qd3 g4 27. hxg4 Qxg4 28. Nh2 Qg6 29. Ra2 Nxe5 30. Bxe5 Rxe5 31. f3 Nd6 32. Qxg6 fxg6 33. Ng4 Re6 34. Rd2 Rde8 35. Kf2 Kf7 36. Rd3 Rh8 37. f4 Re4 38. Ne5+ Kf6 39. Rb3 g5 40. Nd7+ Kf5 41. Nc5 Re7 42. g4+ Kf6 43. f5 Rh4 44. Kf3 Rh3+ 45. Kf2 Nc4 46. Rcc3 Ne5 47. e4 Nxg4+ 48. Kg2 Rxc3 49. Rxc3 dxe4 50. Kg3 Kxf5 51. Rc1 Nf6 52. Nb3 Nh5+ 53. Kf2 e3+ 54. Ke1 Nf4 55. Rc5+ Kg4 56. Rc4 Kg3 57. Nd4 Rd7 58. Nf5+ Kf3 0-1

[Event "VIE-ch (Women)"]
[Site "Vung Tau"]
[Date "2023.03.03"]
[Round "1"]
[White "Ha, Phuong Hoang Mai"]
[Black "Dao, Nhat Minh"]
[Result "1-0"]
[WhiteElo "1819"]
[BlackElo "2000"]
[PlyCount "75"]
[EventDate "2023.03.03"]
[EventType "swiss"]
[EventRounds "9"]
[EventCountry "VIE"]
[SourceTitle "EXT 2024"]
[Source "ChessBase"]
[SourceDate "2023.10.10"]
[SourceVersion "1"]
[SourceVersionDate "2023.10.10"]
[SourceQuality "1"]

1. Nf3 d5 2. g3 Nf6 3. Bg2 Bf5 4. c4 e6 5. 0-0 Be7 6. d3 0-0 7. Nbd2 Nbd7 8. b3 c6 9. Bb2 h6 10. Qc2 Rc8 11. Rad1 Nb6 12. e4 Bg6 13. Rfe1 Nfd7 14. Qc3 Bf6 15. e5 Be7 16. b4 Na4 17. Qb3 Nxb2 18. Qxb2 Bxd3 19. Qc3 Bg6 20. Nb3 f6 21. Nbd4 Bf7 22. Bh3 f5 23. Ne2 Qc7 24. Bg2 Nb6 25. c5 Nd7 26. Nfd4 b6 27. Nf4 Qb7 28. Nfxe6 Bxe6 29. Nxe6 Rfe8 30. Qc2 Bxc5 31. Qxf5 Bxb4 32. Re2 Nc5 33. Nf4 Qf7 34. Qg4 Ne6 35. Nxe6 Rxe6 36. Qxb4 Qh5 37. Rde1 Rce8 38. f4 1-0

[Event "VIE-ch (Women)"]
[Site "Tinh Bac Giang"]
[Date "2022.02.28"]
[Round "3"]
[White "Nguyen, Hong Anh"]
[Black "Ha, Phuong Hoang Mai"]
[Result "1-0"]
[WhiteElo "1993"]
[BlackElo "1769"]
[PlyCount "51"]
[EventDate "2022.02.28"]
[EventType "swiss"]
[EventRounds "9"]
[EventCountry "VIE"]
[SourceTitle "CBM 207 Extra"]
[Source "ChessBase"]
[SourceDate "2022.05.31"]
[SourceVersion "1"]
[SourceVersionDate "2022.05.31"]
[SourceQuality "1"]

1. d4 d6 2. Nf3 Bg4 3. Nbd2 Nd7 4. g3 e5 5. Bg2 c6 6. dxe5 dxe5 7. 0-0 h6 8. Nc4 Bxf3 9. exf3 Qc7 10. f4 0-0-0 11. fxe5 Nxe5 12. Bh3+ Kb8 13. Bf4 f6 14. Qe2 g5 15. Nxe5 gxf4 16. Ng6 Rh7 17. Nxf4 Qe5 18. Qc4 Bd6 19. Rfe1 Qa5 20. Rad1 Re7 21. Rxe7 Bxe7 22. Rxd8+ Qxd8 23. Be6 b5 24. Qxc6 Bd6 25. Qxb5+ Kc7 26. Nd5# 1-0

[Event "VIE Cup (Women)"]
[Site "Hanoi"]
[Date "2021.??.??"]
[Round "2"]
[White "Ha, Phuong Hoang Mai"]
[Black "Pham, Le Thao Nguyen"]
[Result "1/2-1/2"]
[WhiteElo "1769"]
[BlackElo "2369"]
[PlyCount "80"]
[EventDate "2021.05.03"]
[EventType "swiss"]
[EventRounds "9"]
[EventCountry "VIE"]
[SourceTitle "EXT 2022"]
[Source "ChessBase"]
[SourceDate "2021.10.06"]
[SourceVersion "1"]
[SourceVersionDate "2021.10.06"]
[SourceQuality "1"]

1. d4 d5 2. c4 c6 3. Nf3 Nf6 4. Qc2 g6 5. Bf4 Bf5 6. Qb3 Qb6 7. e3 Bxb1 8. Qxb6 axb6 9. Rxb1 Nbd7 10. a3 Bg7 11. Ne5 e6 12. h3 Ne4 13. Nxd7 Kxd7 14. cxd5 exd5 15. Bd3 Rhe8 16. Rc1 Bf8 17. 0-0 Bd6 18. Bxd6 Nxd6 19. Rfe1 b5 20. Rc2 Ra4 21. Rec1 Rea8 22. Re2 b4 23. Bc2 R4a5 24. a4 b5 25. axb5 Nxb5 26. Bb3 Ra1 27. Ree1 Rxc1 28. Rxc1 Nc7 29. Kf1 Ne6 30. Ke2 Kd6 31. Rd1 Ra5 32. g3 f5 33. h4 h6 34. Kf3 Ra7 35. g4 Rf7 36. gxf5 Rxf5+ 37. Kg3 g5 38. hxg5 Rxg5+ 39. Kh3 Rh5+ 40. Kg3 Rg5+ 1/2-1/2

[Event "VIE-ch U20 Girls"]
[Site "Hanoi"]
[Date "2020.??.??"]
[Round "9"]
[White "Ha, Phuong Hoang Mai"]
[Black "Nguyen, Hong Ngoc"]
[Result "1-0"]
[WhiteElo "1769"]
[BlackElo "1924"]
[PlyCount "145"]
[EventDate "2020.10.22"]
[EventType "tourn"]
[EventRounds "9"]
[EventCountry "VIE"]
[SourceTitle "EXT 2022"]
[Source "ChessBase"]
[SourceDate "2021.10.06"]
[SourceVersion "1"]
[SourceVersionDate "2021.10.06"]
[SourceQuality "1"]

1. d4 d5 2. c4 c6 3. Nf3 Nf6 4. Nc3 dxc4 5. a4 Bf5 6. e3 e6 7. Bxc4 Bb4 8. 0-0 Nbd7 9. Qb3 Qb6 10. h3 Bd6 11. Nh4 Qxb3 12. Bxb3 a5 13. Nxf5 exf5 14. f3 0-0 15. g4 fxg4 16. hxg4 Nb6 17. e4 Be7 18. Be3 Nfd7 19. f4 c5 20. d5 c4 21. Bc2 Bb4 22. Kf2 Rfe8 23. g5 Rad8 24. Kf3 Bc5 25. Bxc5 Nxc5 26. Rad1 Rd7 27. Rh1 g6 28. Rh2 Rf8 29. e5 Rfd8 30. d6 Kg7 31. Ne4 Nxe4 32. Kxe4 Rc8 33. Rdh1 Rh8 34. Kd4 Rdd8 35. Kc5 Nd7+ 36. Kxc4 Rc8+ 37. Kd4 Rc5 38. Bd3 b6 39. Bc4 Nf8 40. b3 Nd7 41. Bxf7 h5 42. Bc4 Rf8 43. Rh4 Nb8 44. Re1 Nc6+ 45. Kd3 Rd8 46. Rh2 Ne7 47. Ke4 Nf5 48. Rd2 Rc6 49. Red1 h4 50. Bb5 Rc3 51. Rd3 Rc2 52. Rh3 Ng3+ 53. Kd3 Rf2 54. Rxh4 Rc8 55. Bc4 Rf3+ 56. Kd2 Nf5 57. Rh2 Ng3 58. d7 Rd8 59. Kc2 Rxf4 60. e6 Re4 61. Rd6 Nf5 62. Rxb6 Re5 63. Kb2 Nd4 64. Rf2 Nf5 65. Rc6 Kf8 66. Rh2 Nd4 67. Rh8+ Ke7 68. Rxd8 Nxc6 69. Re8+ Kd6 70. d8Q+ Nxd8 71. Rxd8+ Ke7 72. Rd7+ Ke8 73. Rd5 1-0

[Event "VIE-ch U20 Girls"]
[Site "Hanoi"]
[Date "2020.??.??"]
[Round "8"]
[White "Kieu, Bich Thuy"]
[Black "Ha, Phuong Hoang Mai"]
[Result "1/2-1/2"]
[WhiteElo "1946"]
[BlackElo "1769"]
[PlyCount "40"]
[EventDate "2020.10.22"]
[EventType "tourn"]
[EventRounds "9"]
[EventCountry "VIE"]
[SourceTitle "EXT 2022"]
[Source "ChessBase"]
[SourceDate "2021.10.06"]
[SourceVersion "1"]
[SourceVersionDate "2021.10.06"]
[SourceQuality "1"]

1. d4 d5 2. c4 c6 3. Nf3 Nf6 4. Nc3 a6 5. e3 Bg4 6. cxd5 Nxd5 7. Be2 e6 8. 0-0 Be7 9. h3 Bh5 10. e4 Nxc3 11. bxc3 0-0 12. Ne5 Bxe2 13. Qxe2 c5 14. Rd1 cxd4 15. cxd4 Nd7 16. Nxd7 Qxd7 17. Be3 Rfc8 18. Rac1 Rxc1 19. Rxc1 Rc8 20. Rxc8+ Qxc8 1/2-1/2

[Event "VIE-ch (Women)"]
[Site "Hanoi"]
[Date "2017.04.18"]
[Round "4"]
[White "Nguyen, Thi Thuy"]
[Black "Ha, Phuong Hoang Mai"]
[Result "1-0"]
[WhiteElo "1947"]
[BlackElo "1739"]
[PlyCount "51"]
[EventDate "2017.04.16"]
[EventType "swiss"]
[EventRounds "11"]
[EventCountry "VIE"]
[SourceTitle "CBM 178 Extra"]
[Source "ChessBase"]
[SourceDate "2017.06.22"]
[SourceVersion "1"]
[SourceVersionDate "2017.06.22"]
[SourceQuality "1"]

1. c4 c5 2. Nc3 Nc6 3. g3 e6 4. Bg2 Nge7 5. e4 a6 6. Nge2 g6 7. d3 Bg7 8. Be3 b6 9. d4 cxd4 10. Nxd4 Bb7 11. 0-0 0-0 12. Rc1 Rc8 13. b3 f5 14. exf5 Nxf5 15. Nxf5 Rxf5 16. Na4 Qe7 17. Nxb6 Rd8 18. Qd2 d6 19. f4 Nb8 20. Bh3 Rff8 21. Rfe1 e5 22. Nd5 Bxd5 23. Qxd5+ Kh8 24. Bb6 Rde8 25. fxe5 Bxe5 26. c5 1-0

[Event "VIE-ch (Women)"]
[Site "Hanoi"]
[Date "2017.04.16"]
[Round "1"]
[White "Ha, Phuong Hoang Mai"]
[Black "Nguyen, Thi Diem Huong"]
[Result "0-1"]
[WhiteElo "1739"]
[BlackElo "2088"]
[PlyCount "166"]
[EventDate "2017.04.16"]
[EventType "swiss"]
[EventRounds "11"]
[EventCountry "VIE"]
[SourceTitle "CBM 178 Extra"]
[Source "ChessBase"]
[SourceDate "2017.06.22"]
[SourceVersion "1"]
[SourceVersionDate "2017.06.22"]
[SourceQuality "1"]

1. d4 d5 2. c4 e6 3. Nc3 Nf6 4. Bg5 c6 5. e3 Be7 6. Rc1 0-0 7. Bd3 dxc4 8. Bxc4 b5 9. Bd3 Bb7 10. Nf3 Nbd7 11. 0-0 Rc8 12. a3 a5 13. Qe2 b4 14. axb4 axb4 15. Na4 Qa5 16. b3 Rfd8 17. Ra1 Ra8 18. Qb2 h6 19. Bf4 Qh5 20. Be2 c5 21. Rfc1 cxd4 22. Nxd4 Qg6 23. Nc6 Bxc6 24. Rxc6 Nd5 25. Rac1 Nxf4 26. exf4 Nf6 27. Bf3 Rab8 28. g3 Qd3 29. Be2 Qe4 30. Bf1 Nd5 31. R6c4 Qf5 32. Qe2 Bf6 33. Nc5 Nc3 34. Qf3 Qd5 35. Ne4 Bd4 36. Bg2 f5 37. Nxc3 Qxf3 38. Bxf3 bxc3 39. b4 Rb6 40. Bc6 Ra6 41. Rc2 Ra1+ 42. Kg2 Rb1 43. b5 Rb2 44. R2xc3 Bxc3 45. Rxc3 Rdd2 46. Rf3 Kf7 47. h3 Ke7 48. g4 Kd6 49. Be8 Kc5 50. Kg3 Kd4 51. gxf5 exf5 52. Bd7 Kc5 53. Be8 Kc4 54. Bc6 Rd3 55. Be8 Rxf3+ 56. Kxf3 Kd4 57. Bc6 Rb3+ 58. Kg2 g5 59. fxg5 hxg5 60. Bd7 Ke5 61. Bc6 f4 62. Bd7 Kd4 63. Bc6 Kc5 64. Bd7 Kb4 65. Bc6 Ka3 66. Be8 Kb2 67. b6 Kc1 68. b7 Rxb7 69. Kf3 Kd2 70. Kg4 Rg7 71. Bc6 Ke2 72. f3 Ke3 73. Be4 Rg8 74. Bd5 Rh8 75. Be6 Re8 76. Bd7 Rg8 77. Bf5 Kd4 78. Be6 Rg7 79. Bf5 Ke5 80. Be4 Kf6 81. h4 gxh4+ 82. Kxh4 Rg3 83. Bc6 Ke5 0-1

[Event "VIE-ch (Women)"]
[Site "Vietnam"]
[Date "2016.04.30"]
[Round "6"]
[White "Nguyen, Thi Ngoc Han"]
[Black "Ha, Phuong Hoang Mai"]
[Result "0-1"]
[WhiteElo "1205"]
[BlackElo "1661"]
[PlyCount "82"]
[EventDate "2016.04.27"]
[EventType "swiss"]
[EventRounds "9"]
[EventCountry "VIE"]
[SourceTitle "CBM 172 Extra"]
[Source "ChessBase"]
[SourceDate "2016.06.21"]
[SourceVersion "1"]
[SourceVersionDate "2016.06.21"]
[SourceQuality "1"]

1. e4 c5 2. Nf3 Nc6 3. d4 cxd4 4. Nxd4 Nf6 5. Nc3 e5 6. Nf3 Bb4 7. Bd2 Bxc3 8. Bxc3 Nxe4 9. Qd3 Nxc3 10. Qxc3 0-0 11. Be2 Re8 12. 0-0 e4 13. Nd2 d5 14. Nb3 Qg5 15. Kh1 Be6 16. Rae1 Rac8 17. f4 Qg6 18. Qe3 b6 19. c3 Red8 20. Qf2 f5 21. Qh4 Rd6 22. h3 Bd7 23. Kg1 Qf6 24. Qf2 d4 25. Bc4+ Kh8 26. cxd4 Nxd4 27. Ba6 Rc2 28. Qe3 Qg6 29. Rf2 Nf3+ 30. Kh1 Nxe1 31. Qxe1 Rxf2 32. Qxf2 h6 33. Qc2 Qg3 34. Be2 Qxf4 35. Kg1 Bc6 36. Bf1 e3 37. Qe2 Ba4 38. Qf3 Qxf3 39. gxf3 Rd1 40. Kg2 Bxb3 41. axb3 Rd2+ 0-1

[Event "VIE-ch U13 Girls"]
[Site "Ho Chi Minh City"]
[Date "2014.07.17"]
[Round "8"]
[White "Ha, Phuong Hoang Mai"]
[Black "Tran, Phuong Cac"]
[Result "1-0"]
[WhiteElo "1837"]
[BlackElo "1846"]
[PlyCount "49"]
[EventDate "2014.07.13"]
[EventType "swiss"]
[EventRounds "9"]
[EventCountry "VIE"]
[SourceTitle "EXT 2016"]
[Source "ChessBase"]
[SourceDate "2015.10.08"]
[SourceVersion "1"]
[SourceVersionDate "2015.10.08"]
[SourceQuality "1"]

1. d4 d5 2. c4 c6 3. Nc3 e6 4. Nf3 Bd6 5. Bg5 Nf6 6. Rc1 Be7 7. e3 0-0 8. Bd3 h6 9. Bh4 b6 10. 0-0 Bb7 11. Re1 Na6 12. Qe2 Nb4 13. Bb1 Ba6 14. Ne5 Nd7 15. Bxe7 Qxe7 16. Nxd7 Qxd7 17. a3 Bxc4 18. Qd1 a5 19. axb4 axb4 20. Ne2 Bxe2 21. Qxe2 Ra7 22. Qc2 f5 23. Qxc6 Qe7 24. Qxb6 Rfa8 25. h3 1-0

[Event "VIE-ch U13 Girls"]
[Site "Ho Chi Minh City"]
[Date "2014.07.15"]
[Round "5"]
[White "Ha, Phuong Hoang Mai"]
[Black "Tran, Thi Yen Xuan"]
[Result "0-1"]
[WhiteElo "1837"]
[BlackElo "1820"]
[PlyCount "104"]
[EventDate "2014.07.13"]
[EventType "swiss"]
[EventRounds "9"]
[EventCountry "VIE"]
[SourceTitle "EXT 2016"]
[Source "ChessBase"]
[SourceDate "2015.10.08"]
[SourceVersion "1"]
[SourceVersionDate "2015.10.08"]
[SourceQuality "1"]

1. d4 d5 2. c4 c6 3. Nc3 Nf6 4. Bg5 Nbd7 5. e3 e6 6. Rc1 Be7 7. Nf3 0-0 8. Bd3 h6 9. Bh4 dxc4 10. Bxc4 Nd5 11. Bxe7 Qxe7 12. 0-0 N5b6 13. Bb3 e5 14. d5 cxd5 15. Nxd5 Nxd5 16. Qxd5 e4 17. Nd4 Nf6 18. Qc4 Bg4 19. Qc7 Qxc7 20. Rxc7 Rab8 21. Nb5 Be2 22. Nd6 Bxf1 23. Kxf1 Ne8 24. Nxe8 Rbxe8 25. Rxb7 a5 26. Ke2 Rb8 27. Bxf7+ Kh8 28. Rxb8 Rxb8 29. b3 Rc8 30. Kd2 Rf8 31. Bg6 Rxf2+ 32. Kc3 Rxg2 33. Bxe4 Rxa2 34. h3 g5 35. Bf5 Kg7 36. e4 Kf6 37. Kd4 Rd2+ 38. Kc3 Rf2 39. Bg4 Ke5 40. Kd3 Rf4 41. Bf5 Rxf5 42. exf5 Kxf5 43. Ke3 h5 44. Kf3 g4+ 45. hxg4+ hxg4+ 46. Kg3 Kg5 47. Kg2 Kf4 48. Kf2 g3+ 49. Kg2 Ke3 50. Kxg3 Kd3 51. Kf3 Kc3 52. Ke3 Kxb3 0-1